| 000 | 00326nam a2200121Ia 4500 | ||
|---|---|---|---|
| 008 | 210430s9999 xx 000 0 und d | ||
| 082 | _a671.52 W466 W | ||
| 100 |
_aKlas Weman _954009 |
||
| 245 |
_aWelding Processes Handbook _cKlas Weman |
||
| 260 |
_aNew york _bWoodhead Publishing _c2005 |
||
| 300 | _a193p | ||
| 942 |
_cBK _2ddc |
||
| 999 |
_c564434 _d564434 |
||